| 000 | 01104nam a2200325Ia 4500 | ||
|---|---|---|---|
| 003 | OSt | ||
| 005 | 20221007122825.0 | ||
| 006 | a|||||r|||| 00| 0 | ||
| 007 | ta | ||
| 008 | 221006b |||||||| |||| 00| 0 eng d | ||
| 020 | _a9781107011113 (hbk) | ||
| 024 | _a190556 | ||
| 037 |
_bIN1237, 21/02/2014, New India Book Agency _cTextual |
||
| 040 |
_aPAPL _cPAPL _beng |
||
| 041 |
_2eng _aeng |
||
| 082 | _aCN30:(B), Q3 Carpa | ||
| 100 |
_aDerezinski Jan _9715316 |
||
| 245 | 0 |
_aMathematics of quantization and quantum fields _b Gerard Christian |
|
| 260 |
_aCambridge _bCUP _c2013 |
||
| 300 |
_axii, 674p. _ccm. |
||
| 500 | _aReferences 661-667p.; Symbols index 668-670p.; Subject index 671-674p. | ||
| 650 |
_a Algebras _9427298 |
||
| 650 |
_a Hilbert spaces _9440750 |
||
| 650 |
_a Quantum theory _9612792 |
||
| 650 |
_a Vector spaces _9715317 |
||
| 650 | _aPhysics | ||
| 700 |
_a Gerard Christian _9715318 |
||
| 942 |
_hCN30:(B), Q3 Carpa _cTEXL _2CC |
||
| 999 |
_c1210990 _d1210990 |
||